Temas de propiedad intelectual

Detalles Bibliográficos
Autor principal: Grijalva, Agustn̕
Otros Autores: Chv̀ez Vallejo, Gina, Gm̤ez Velasco, Xavier
Formato: eBook
Lenguaje:español
Publicado: Quito: Corporacin̤ Editoria Nacional, 2007
Materias:
Acceso en línea:Acceso restringido

MARC

LEADER 00000nam a22000007a 4500
005 2014102106506.0
007 cr|||| ||||
008 141021s2007 ec |||||s|||| 00||0 spa d
020 |a 978-9978-84-439-7 
035 |a 12489 
040 |a vLex 
090 |c 5258  |d 5258 
100 1 |a Grijalva, Agustn̕ 
245 1 0 |a Temas de propiedad intelectual  |h [Recurso electrn̤ico] /  |c Agustn̕ Grijalva, Gina Chv̀ez Vallejo, Xavier Gm̤ez Velasco 
256 |a Servicio en ln̕ea 
260 |a Quito:  |b Corporacin̤ Editoria Nacional,  |c 2007 
300 |a 1 recurso electrn̤ico 
500 |a Introduccin̤ a la propiedad intelectual • Internet y derechos de autor • Los derechos intelectuales de los pueblos indg̕enas • Las patentes de segundo uso. 
506 1 |a Disponible solo en los productos indicados  |d vLex Global  |d vLex Global (Academic Edition, excluding Law Schools)  |d vLex Global (U.S. Academic Edition, Law Schools)  |d vLex Global (U.S. Academic Edition, excluding Law Schools)  |d vLex Global (Academic Edition, Law Schools) 
650 0 4 |a Propiedad Intelectual  |z Ecuador 
700 1 |a Chv̀ez Vallejo, Gina 
700 1 |a Gm̤ez Velasco, Xavier 
740 0 |a vLex Libros (Servicio en ln̕ea) 
856 4 0 |u http://vlex.com/source/temas-propiedad-intelectual-12489  |z Acceso restringido 
942 |c BOOK 
999 0 |a Intellectual Property